Certifikácia výrobkov a skúšobníctvo príručka pre podnikateľov
Na minha lista:
| Outros Autores: | , |
|---|---|
| Formato: | Livro |
| Idioma: | eslovaco |
| Publicado em: |
Bratislava
Journaliste-Studio
1996
|
| Assuntos: | |
| Tags: |
Sem tags, seja o primeiro a adicionar uma tag!
|
MARC
| LEADER | 00000nam a2200000 4500 | ||
|---|---|---|---|
| 001 | c019175 | ||
| 005 | 20221214072609.8 | ||
| 020 | |a 80-967645-0-0 | ||
| 041 | 0 | |a slo | |
| 044 | |a SK | ||
| 245 | 1 | 0 | |a Certifikácia výrobkov a skúšobníctvo |b príručka pre podnikateľov |c spracovali: Miloslav Varga, Oľga Janigová |
| 264 | 1 | |a Bratislava |b Journaliste-Studio |c 1996 | |
| 300 | |a 144 s. | ||
| 610 | 2 | 0 | |a certifikácia |
| 610 | 2 | 0 | |a skúšobníctvo štátne |
| 610 | 2 | 0 | |a zákony |
| 610 | 2 | 0 | |a Slovensko |
| 610 | 2 | 0 | |a vyhlášky |
| 610 | 2 | 0 | |a skúšobne štátne |
| 610 | 2 | 0 | |a výrobky |
| 700 | 1 | |a Varga, Miloslav | |
| 700 | 1 | |a Janigová, Oľga | |